Interpretation and Implementation of European Standards of Human Rights and Fundamental Freedoms Protection in Ukrainian Court Practice: Problems and Prospects

Hlavné problémy interpretácie a implementácie európskych štandardov ľudských práv a základných slobôd v ukrajinskej právnej praxi.

Guardado en:
Detalles Bibliográficos
Autor principal: Karvatska, Svitlana
Formato: Capítulo de libro
Lenguaje:inglés
Materias:
Etiquetas: Agregar Etiqueta
Sin Etiquetas, Sea el primero en etiquetar este registro!

MARC

LEADER 00000naa a2200000 4500
001 0253807
005 20190523105131.6
041 0 |a eng 
044 |a SK 
245 1 0 |a Interpretation and Implementation of European Standards of Human Rights and Fundamental Freedoms Protection in Ukrainian Court Practice: Problems and Prospects  |c Svitlana Karvatska 
520 |a Hlavné problémy interpretácie a implementácie európskych štandardov ľudských práv a základných slobôd v ukrajinskej právnej praxi. 
610 2 0 |a práva ľudské 
610 2 0 |a ochrana ľudských práv 
610 2 0 |a Ukrajina 
610 2 0 |a normy právne 
610 2 0 |a Európsky súd pre ľudské práva 
100 1 |a Karvatska, Svitlana